00280nam a22001097a 4500040000900000082001600009100001700025110001400042245003600056260004200092650003600134 cNUST a620.112 KUM aKumar, Kamal aGhai, R.C aAdvanced Mechanics of Materials aNew Delhi:bKhanna Publishers,c2004. aAdvanced Mechanics of Materials